| 000 | 00892nac a22002171u 4500 | ||
|---|---|---|---|
| 008 | 100906t xxu||||| |||| 00| 0 eng d | ||
| 010 | _a 77089027 | ||
| 020 | _a0878140859 | ||
| 082 | 0 | 0 |
_a621.816 _bSUR |
| 100 |
_a20080729 _918058 |
||
| 245 | 0 | 0 | _aSurveillance and Maintenance of Rotating Equipment/ |
| 260 |
_aTulsa, Okla. : _bPetroleum Pub. Co., _cc1978. |
||
| 300 |
_avii, 168 p. : _bill. ; _c29 cm. |
||
| 504 | _aIncludes bibliographical references. | ||
| 511 | _aCatlogued By: Mahitab. | ||
| 650 | 0 |
_aIndustrial equipment _xTesting. _918059 |
|
| 650 | 0 |
_aIndustrial equipment _xMaintenance and repair. _918060 |
|
| 710 | 2 |
_aPetroleum Publishing Co. _918061 |
|
| 942 |
_cBB _k621.816 SUR _2ddc |
||
| 999 |
_c9287 _d9287 |
||